| 000 | 00558naa a2200145Ia 4500 | ||
|---|---|---|---|
| 003 | ES-SlBCS | ||
| 005 | 20210601151650.0 | ||
| 008 | 140520s1954 xxu||||| |||| 00| 0 spa d | ||
| 041 | _aspa | ||
| 100 | 1 |
_aBaviera, Príncipe Adalberto de _9336598 |
|
| 245 | 0 | 0 |
_aLa peregrinación de la Reina Mariana de Neoburgo a Santiago _cPríncipe Adalberto de Baviera |
| 651 | 4 |
_aSantiago de Compostela _986283 |
|
| 773 | 0 |
_tSantiago en la historia, la literatura y el arte : Tomo I / Francisco Iñiguez _dMadrid : Nacional, 1954 _g, págs. 145-174 _wVA22894 |
|
| 942 | _cAC | ||
| 999 |
_c761863 _d761863 |
||